000 00478nam a2200181 i 4500
001 bg
100 1 _aZgirski, Alojzy
_d(1935- ).
245 1 0 _aObliczenia biochemiczne /
_cAlojzy Zgirski, Roman Gondko.
260 _aWarszawa :
_bPWN,
_c1975.
650 9 _aBiochemia
655 _aPodręczniki akademickie
700 1 _aGondko, Roman
_d(1938-1996).
040 _cBPK
041 _apol
080 _a577.1(075.8)
942 _cKS
008 s pl f |000 0 pol
999 _c16109
_d16109
856 _uhttp://koha.tu.koszalin.pl/cgi-bin/koha/opac-detail.pl?biblionumber=16109
_yKatalog online BPK